| 000 | 01209nam a2200265 a 4500 | ||
|---|---|---|---|
| 001 | 1905207 | ||
| 003 | AM-YEHGA | ||
| 005 | 20260129154205.0 | ||
| 008 | 230526s1893 ru a||||||||||||||1|rus|d | ||
| 040 | _aAM-YeHGA | ||
| 041 | 1 |
_arus _hgrc |
|
| 100 | 0 |
_aАристофан, _dок. 445-ок. 385 до н. э. |
|
| 245 | 0 | 0 |
_aОблака : _bКомедия : С введением и примечаниями / _cАристофан ; С греч. перевел В. Алексеев. |
| 260 |
_aСанкт-Петербург : _bИзд. и тип. А.С. Суворина, _c[1893]. |
||
| 300 |
_aXXIV, 112, [22] с. : _bпортр. ; _c15 см. |
||
| 440 | 0 |
_aДешевая библиотека ; _v№ 249 |
|
| 650 | 1 | 4 | _aДраматические прозведения (х. л.) |
| 650 | 1 | 4 | _aМировая литература |
| 650 | 1 | 4 | _aЛитература древнего мира |
| 650 | 1 | 4 | _aАнтичная литература |
| 650 | 1 | 4 |
_aГреческая литература _xПроизведения античной литературы |
| 700 | 1 |
_aАлексеев, Василий Алексеевич, _d1863-1919 _eпер. _4trl |
|
| 942 |
_2udc _cBK |
||
| 090 | _c570452 | ||
| 999 |
_c531643 _d531643 |
||